| 000 | 00509nam a22001457a 4500 | ||
|---|---|---|---|
| 008 | 160526b xxu||||| |||| 00| 0 eng d | ||
| 020 | _a9712711617 | ||
| 082 |
_22002 _aDFil 899.2101 _bL94 |
||
| 245 |
_aLove gathers all: _bThe Philippines-Singapore anthology of love poetry/ |
||
| 260 |
_aPasig City: _bAnvil Publishing, Inc., _cc2002. |
||
| 300 |
_a208 pages: _billustrations; _c21 cm. |
||
| 650 | 0 |
_99204 _aPoetry _xCollections _zPhilippines |
|
| 650 | 0 |
_99205 _aPoetry _xCollections _zSingapore |
|
| 942 |
_2ddc _cDFIL |
||
| 999 |
_c2778 _d2778 |
||